History Quiz

Random History or Politics Quiz

U.S. Supreme Court Decisions Quiz Stats

 Plays Quiz Updated Mar 5, 2019

Score 0/17 Timer 06:00
0 Plays Today
Year Court Case % Correct
1973Roe v. Wade
82.3%
1954Brown v. Board of Education of Topeka
76.9%
1803Marbury v. Madison
64.4%
1966Miranda v. Arizona
63%
2000Bush v. Gore
57.9%
1896Plessy v. Ferguson
57.7%
1857Dred Scott v. Sandford
49.1%
1974United States v. Nixon
36.4%
2015Obergefell v. Hodges
36.4%
Year Court Case % Correct
1819McCulloch v. Maryland
26.5%
1963Gideon v. Wainwright
19.6%
1824Gibbons v. Ogden
16.6%
1964New York Times v. Sullivan
12.2%
1919Schenck v. United States
9.1%
1978Regents of University of California v. Bakke
7.5%
1962Engel v. Vitale
6.7%
2008Boumediene v. Bush
4.9%

You're not logged in!

Compare scores with friends on all Sporcle quizzes.
OR
Log In

Sporcle TV

Today on Sporcle TV


Watch our educational content, quiz creation guides, and fun videos on Sporcle TV.

Show Comments

Extras

Top Quizzes Today


Score Distribution

Your Account Isn't Verified!

In order to create a playlist on Sporcle, you need to verify the email address you used during registration. Go to your Sporcle Settings to finish the process.

Report this User

Report this user for behavior that violates our Community Guidelines.

Details: